000 00386nam a2200157Ia 4500
008 230711s9999||||xx |||||||||||||| ||und||
041 _aENG
082 _a658
_bMA-M
100 _aManmoriai,Roy
245 0 _aMarketing in India
250 _a1st
260 _c1985
_aNew Delhi
_bTata McGraw Hill Education Limited
300 _a558
650 _aUNIVESITY BUSNIESS SCHOOL
942 _cBK
999 _c2000
_d2000